000 00262nam a2200109Ia 4500
008 190216s9999||||xx |||||||||||||| ||und||
100 _aJames J Rizzuto
245 0 _aHow To Prefere For The Sat Ii
260 _bGalgotia Pub
_c2000
300 _a516p
942 _cREF
999 _c36344
_d36344